Hodnotenie konkurencieschopnosti ekonomiky v medzinárodnom porovnaní

Na minha lista:
Detalhes bibliográficos
Autor principal: Fifek, Edmund
Autor Corporativo: Ekonomická univerzita v Bratislave. Obchodná fakulta
Outros Autores: Krajčík, Daniel, 1981-, Steinhauser, Dušan, 1988-, Zábojník, Stanislav, 1984-, Hošták, Martin, Luchava, Ján
Formato: Livro
Idioma:eslovaco
Publicado em: Bratislava Vydavateľstvo EKONÓM 2015
Edição:1. vyd.
Assuntos:
Tags: Adicionar Tag
Sem tags, seja o primeiro a adicionar uma tag!

MARC

LEADER 00000nam a2200000 4500
001 0228811
005 20240502073751.2
020 |a 978-80-225-4212-8 
041 0 |a slo 
044 |a SK 
245 1 0 |a Hodnotenie konkurencieschopnosti ekonomiky v medzinárodnom porovnaní  |c Edmund Fifek, Daniel Krajčík, Dušan Steinhauser, Stanislav Zábojník ; recenzenti: Martin Hošták, Ján Luchava 
250 |a 1. vyd. 
264 1 |a Bratislava  |b Vydavateľstvo EKONÓM  |c 2015 
300 |a 105 s. [5,74 AH] 
610 2 0 |a konkurencieschopnosť 
610 2 0 |a hospodárstvo domáce 
610 2 0 |a porovnanie medzinárodné 
610 2 0 |a bilancia platobná 
610 2 0 |a vývoz 
610 2 0 |a tovar 
610 2 0 |a vývoz služieb 
610 2 0 |a dovoz 
610 2 0 |a saldo 
610 2 0 |a dlhy 
610 2 0 |a dlhy verejné 
610 2 0 |a Európska únia 
610 2 0 |a Čína 
100 1 |a Fifek, Edmund 
700 1 |a Krajčík, Daniel, 1981- 
700 1 |a Steinhauser, Dušan, 1988- 
700 1 |a Zábojník, Stanislav, 1984- 
700 1 |a Hošták, Martin 
700 1 |a Luchava, Ján 
710 2 |a Ekonomická univerzita v Bratislave. Obchodná fakulta